| 000 | 00341nab a22001097u 4500 | ||
|---|---|---|---|
| 008 | 130520b1986 xxu||||| |||| 00| 0 spa d | ||
| 041 | _aspa | ||
| 100 | 1 |
_aFaris, J. _967363 |
|
| 245 | 0 | 0 |
_aEl nuevo Código de la Iglesia latina y el catolicismo oriental _cJ. Faris |
| 773 | 0 |
_tConcilium _gV.1,1986,págs.421-429 _x0210-1041 _wRev134 |
|
| 942 | _cAR | ||
| 999 |
_c355188 _d355188 |
||